Prénoms colo Malte - Statistiques

Statistiques générales
  • Ce quiz a été pris 12 fois
  • Le résultat moyen est 13 sur 23
Statistiques - réponses
Réponse % Correct
Kévin
78%
Lisa
78%
Louise
78%
Virgile
78%
Ambre
67%
Anthéa
67%
Emma
67%
Gabriel
67%
Camille
56%
Clara
56%
Eden
56%
Elisa
56%
Elise
56%
Emelyne
56%
Estelle
56%
Lise
56%
Mélina
56%
Violette
56%
Héloise
44%
Lila
44%
Kinga
33%
Romane
33%
Thiago
33%
Aucun quiz correspondant
Distribution des résultats
% des personnes avec chaque résultat
Percentile par nombre de réponses
Votre historique - résultats
Vous n’avez pas pris ce quiz